Bonne orthographe - Mort Subite #3 - Statistiques

Statistiques générales
  • Ce quiz a été pris 686 fois
  • Le résultat moyen est 4 sur 30
Answers on the Grid
Answers color-coded by a green-red scale on the quiz's grid according to % correct below.
Tintamarre
Assuétude
Immarcescible
Chrysanthème
Nymphomane
Aguesie
Triskaidékaphobie
Assertif
Callipyge
Superfétatoire
Vilipander
Éthymologie
Issir
Extravaser
Algide
Béjone
Onnéreux
Raudomontade
Coruscant
Paltoquet
Dispendieux
Soudoyer
Roblochon
Epectase
Cirhose
Ouroboros
Fassetidieux
Optionel
Manoubrium
Kidnapping
Khénophobie
Sattrape
Abhorrer
Jaquetance
Fifrelin
Atermoiement
Hippotypose
Anacoluthe
Baragouin
Pécunière
Désarroi
Inhibition
Arborethum
Infundibuliforme
Améthyste
Impavide
Rutherfordhium
Satyriasis
 
Statistiques - réponses
Réponse % Correct
Nymphomane
45%
Kidnapping
37%
Désarroi
35%
Soudoyer
35%
Inhibition
34%
Chrysanthème
29%
Améthyste
23%
Tintamarre
22%
Callipyge
18%
Baragouin
16%
Assertif
15%
Dispendieux
12%
Abhorrer
11%
Superfétatoire
11%
Anacoluthe
10%
Fifrelin
9%
Extravaser
8%
Ouroboros
8%
Impavide
7%
Triskaidékaphobie
7%
Atermoiement
6%
Paltoquet
6%
Coruscant
5%
Epectase
5%
Assuétude
4%
Algide
3%
Immarcescible
3%
Infundibuliforme
3%
Issir
3%
Satyriasis
2%
Aucun quiz correspondant
Distribution des résultats
% des personnes avec chaque résultat
Percentile par nombre de réponses
Votre historique - résultats
Vous n’avez pas pris ce quiz